[Event "Chicago op"]
[Site "Wheeling USA"]
[Date "2014.05.24"]
[Round "5.5"]
[White "Ostrovskiy, Aleksandr"]
[Black "Kovalyov, Anton"]
[Result "0-1"]
[WhiteElo "2436"]
[BlackElo "2636"]
[PlyCount "66"]
[GameId "2130307671424431"]
[EventDate "2014.05.22"]
[EventType "swiss"]
[EventRounds "9"]
[EventCountry "USA"]
[SourceTitle "10 Days #400"]
[Source "Chess Mix"]

1. e4 c5 2. Nf3 e6 3. d4 cxd4 4. Nxd4 Nc6 5. Nc3 Qc7 6. Be3 a6 7. Qd2 Nf6 8. O-O-O Be7 9. f3 h5 10. Kb1 b5 11. Bd3 Bb7 12. h3 h4 13. Rhe1 Ne5 14. f4 Nc4 15. Bxc4 Qxc4 16. e5 b4 17. Na4 Ne4 18. Qd3 Qxd3 19. cxd3 Ng3 20. Rd2 d6 21. Nb6 Rd8 22. Nc4 dxe5 23. fxe5 Bd5 24. b3 Rh5 25. Nf3 Rf5 26. Bb6 Rb8 27. Bc7 Rb7 28. Nd6+ Bxd6 29. Bxd6 Bxf3 30. gxf3 Rxf3 31. Rc1 Nf5 32. Rc6 Rxh3 33. Rdc2 Rxd3 0-1

[Event "Chicago op"]
[Site "Wheeling USA"]
[Date "2014.05.25"]
[Round "6.2"]
[White "Kovalyov, Anton"]
[Black "Troff, Kayden"]
[Result "1/2-1/2"]
[WhiteElo "2636"]
[BlackElo "2484"]
[PlyCount "110"]
[GameId "2129404784045041"]
[EventDate "2014.05.22"]
[EventType "swiss"]
[EventRounds "9"]
[EventCountry "USA"]
[SourceTitle "10 Days #400"]
[Source "Chess Mix"]
[WhiteClock "0:29:43"]
[BlackClock "0:06:24"]

1. Nf3 Nf6 2. c4 g6 3. Nc3 d5 4. cxd5 Nxd5 5. Qb3 Nb6 6. d4 Bg7 7. Bf4 Be6 8. Qa3 Nc6 9. e3 a5 10. Bb5 O-O 11. Bxc6 bxc6 12. Qc5 Nd5 13. Bg3 Nxc3 14. Qxc3 Bd5 15. O-O Bxf3 16. gxf3 Qd7 17. Rfc1 Ra6 18. Qd3 Rb6 19. Qa3 Rb5 20. Rc5 Rfb8 21. Rac1 R8b6 22. Qc3 h5 23. b3 Rxc5 24. Qxc5 Ra6 25. Kg2 Bf6 26. h3 e6 27. Qc4 Rb6 28. Qa4 Rb5 29. Rc5 Rxc5 30. dxc5 Bc3 31. Qc4 Bb4 32. Qa6 f6 33. a3 Bd2 34. Qb7 e5 35. b4 Kf7 36. bxa5 Bxa5 37. Qa8 Bc3 38. a4 Qd5 39. Qa7 Ke6 40. a5 Bb4 41. a6 Bxc5 42. Qb8 g5 43. a7 Bxa7 44. Qxa7 h4 45. Bh2 e4 46. f4 Qd1 47. Qa6 g4 48. Qxc6+ Kf5 49. Qb5+ c5 50. Qxc5+ Kg6 51. Qd6 gxh3+ 52. Kxh3 Qf3+ 53. Kxh4 Qh5+ 54. Kg3 Qf3+ 55. Kh4 Qh5+ 1/2-1/2

[Event "Chicago op"]
[Site "Wheeling USA"]
[Date "2014.05.25"]
[Round "7.2"]
[White "Hoyos, Manuel"]
[Black "Kovalyov, Anton"]
[Result "0-1"]
[WhiteElo "2525"]
[BlackElo "2636"]
[PlyCount "80"]
[GameId "2129404784045045"]
[EventDate "2014.05.22"]
[EventType "swiss"]
[EventRounds "9"]
[EventCountry "USA"]
[SourceTitle "10 Days #400"]
[Source "Chess Mix"]
[WhiteClock "0:10:01"]
[BlackClock "0:14:52"]

1. e4 c5 2. Nf3 e6 3. g3 a6 4. Bg2 b5 5. O-O Bb7 6. Re1 d6 7. d4 cxd4 8. Nxd4 Nd7 9. a4 bxa4 10. Rxa4 Nc5 11. Rb4 e5 12. Nf5 g6 13. Ne3 a5 14. Rb5 Bc6 15. Nc3 Bxb5 16. Nxb5 Rb8 17. c4 Nf6 18. Nd5 Bg7 19. Ndc7+ Kf8 20. Bd2 Nb7 21. Bh3 Ne8 22. Be3 Kg8 23. Nxe8 Qxe8 24. Ba7 Bf6 25. Nxd6 Nxd6 26. Qxd6 Kg7 27. Bxb8 Qxb8 28. Qa3 Rd8 29. c5 Rd2 30. b3 Rc2 31. Qxa5 Qxb3 32. Bg4 Qb2 33. Qa1 Qb4 34. Rc1 Qxe4 35. Bd7 Qd4 36. Rxc2 Qxa1+ 37. Kg2 Qd1 38. Ba4 Qd5+ 39. Kg1 Qe4 40. Bb3 Qb4 0-1

[Event "Chicago op"]
[Site "Wheeling USA"]
[Date "2014.05.26"]
[Round "8.1"]
[White "Sargissian, Gabriel"]
[Black "Kovalyov, Anton"]
[Result "1/2-1/2"]
[WhiteElo "2684"]
[BlackElo "2636"]
[PlyCount "115"]
[GameId "2129404784045048"]
[EventDate "2014.05.22"]
[EventType "swiss"]
[EventRounds "9"]
[EventCountry "USA"]
[SourceTitle "10 Days #400"]
[Source "Chess Mix"]
[WhiteClock "0:06:19"]
[BlackClock "0:12:37"]

1. d4 Nf6 2. c4 e6 3. Nf3 b6 4. g3 c6 5. Bg2 d5 6. O-O Be7 7. Qc2 O-O 8. Rd1 Nbd7 9. b3 Bb7 10. Nc3 Ba6 11. Bb2 b5 12. Ne5 Qc7 13. e4 dxc4 14. Nxd7 Nxd7 15. bxc4 bxc4 16. Nb1 Rab8 17. Nd2 e5 18. Rab1 Rb4 19. dxe5 Nxe5 20. Bxe5 Qxe5 21. Rxb4 Bxb4 22. Nxc4 Qc5 23. Bf1 Bc8 24. Ne3 Qxc2 25. Nxc2 Bc5 26. Na1 Bb6 27. Nb3 Re8 28. Bd3 Rd8 29. Bc2 Rxd1+ 30. Bxd1 Ba6 31. Nd2 Ba5 32. Nb3 Bb4 33. Nd4 c5 34. Nc6 Bd3 35. Nxa7 Ba3 36. Nc6 f6 37. Ne7+ Kf7 38. Nd5 c4 39. f3 Bc5+ 40. Kg2 g5 41. a4 Ke6 42. a5 f5 43. Nc3 Ke5 44. a6 fxe4 45. Nxe4 Bb6 46. Nc3 Bf5 47. Be2 Kd4 48. Nb5+ Kc5 49. Bxc4 Bd7 50. Be2 Bxb5 51. Bxb5 Kxb5 52. h4 h6 53. hxg5 hxg5 54. Kh3 Kxa6 55. Kg4 Be3 56. f4 Bxf4 57. gxf4 gxf4 58. Kxf4 1/2-1/2

[Event "Chicago op"]
[Site "Wheeling USA"]
[Date "2014.05.26"]
[Round "9.2"]
[White "Kovalyov, Anton"]
[Black "Margvelashvili, Giorgi"]
[Result "1/2-1/2"]
[WhiteElo "2636"]
[BlackElo "2550"]
[PlyCount "175"]
[GameId "2129404784045053"]
[EventDate "2014.05.22"]
[EventType "swiss"]
[EventRounds "9"]
[EventCountry "USA"]
[SourceTitle "10 Days #400"]
[Source "Chess Mix"]
[WhiteClock "0:46:38"]
[BlackClock "0:03:27"]

1. Nf3 d5 2. d4 Nf6 3. c4 e6 4. g3 Bb4+ 5. Bd2 Be7 6. Bg2 O-O 7. O-O c6 8. Qc2 Nbd7 9. Bf4 Nh5 10. Bc1 Nhf6 11. Nbd2 b6 12. e4 Bb7 13. e5 Ne8 14. cxd5 cxd5 15. Re1 Qc7 16. Qa4 Qc6 17. Qb3 Ba6 18. Nf1 Rc8 19. Ne3 Nc7 20. Qd1 Qb5 21. a3 Qd3 22. Bd2 Qg6 23. Rc1 Bd3 24. Qa4 Nb5 25. Bb4 Bxb4 26. Qxb4 a5 27. Qb3 Rxc1 28. Rxc1 Qe4 29. Rd1 Be2 30. Re1 Qd3 31. Qxd3 Bxd3 32. Rc1 Nb8 33. Bf1 Bxf1 34. Kxf1 Na7 35. Rc7 Nbc6 36. Ke2 Rc8 37. Rb7 Rb8 38. Rxb8+ Nxb8 39. Kd3 Nbc6 40. Ng5 h6 41. Nh3 Nb5 42. Nc2 f6 43. f4 f5 44. Ng1 Kf7 45. Nf3 g6 46. Ne3 Nc7 47. Nd1 Nb5 48. Ke3 Ke8 49. Nf2 Kf7 50. Nd3 Ke8 51. Nc1 Kf7 52. Ne2 Ke8 53. Kd3 Ne7 54. h3 Nc6 55. Kc2 Ne7 56. Kb3 Kd7 57. Ka4 Nc7 58. Nc3 Kc6 59. Nh4 g5 60. fxg5 hxg5 61. Nf3 g4 62. hxg4 fxg4 63. Nh4 Ng8 64. Ng2 Nh6 65. Ne3 Ne8 66. Ne2 Ng7 67. b4 axb4 68. Kxb4 Nhf5 69. Nf1 Nh5 70. Ka4 Nhg7 71. Kb4 Nh5 72. a4 Nhg7 73. Kb3 Nh5 74. Kc3 Kb7 75. Kb4 Kc6 76. a5 bxa5+ 77. Kxa5 Nhg7 78. Kb4 Nh5 79. Kc3 Kb6 80. Kd3 Kb5 81. Kc3 Kb6 82. Nh2 Nfxg3 83. Nxg3 Nxg3 84. Nxg4 Kc6 85. Kd3 Nf5 86. Nf6 Kc7 87. Nh5 Kd7 88. Nf4 1/2-1/2

[Event "Foxwoods op"]
[Site "Ledyard USA"]
[Date "2014.01.23"]
[Round "2.1"]
[White "Kovalyov, Anton"]
[Black "Shmeliov, Denis"]
[Result "1-0"]
[WhiteElo "2617"]
[BlackElo "2417"]
[PlyCount "83"]
[GameId "2130307675220193"]
[EventDate "2014.01.22"]
[EventType "swiss"]
[EventRounds "9"]
[EventCountry "USA"]
[SourceTitle "The Week in Chess 1003"]
[Source "Mark Crowther"]
[SourceDate "2014.01.27"]
[SourceVersion "1"]
[SourceVersionDate "2014.01.27"]
[SourceQuality "2"]

1. c4 c6 2. d4 d5 3. Nf3 Nf6 4. e3 Bf5 5. Nc3 e6 6. Nh4 Bg6 7. Be2 Nbd7 8. Bd2 Bb4 9. O-O Bxc3 10. bxc3 Ne4 11. Nxg6 hxg6 12. Be1 Qh4 13. h3 Qh6 14. Bd3 Ndf6 15. Qe2 Ng5 16. f3 Nxh3+ 17. gxh3 Qg5+ 18. Kh2 O-O-O 19. Bg3 Rh7 20. f4 Qg4 21. Qxg4 Nxg4+ 22. Kg1 Nxe3 23. Rfe1 Nxc4 24. Bxc4 dxc4 25. Kg2 Rh5 26. a4 Ra5 27. Bh4 Rd7 28. Re5 b5 29. Rc5 Kc7 30. Kf3 Kb6 31. Ke2 f6 32. Bf2 Rd5 33. Kd2 Kc7 34. Kc2 Kd6 35. Kb2 bxa4 36. Rxc4 Rh5 37. h4 Rhb5+ 38. Rb4 Rxb4+ 39. cxb4 Ra6 40. Ka3 Rb6 41. d5 Ra6 42. dxc6 1-0

[Event "Foxwoods op"]
[Site "Ledyard USA"]
[Date "2014.01.24"]
[Round "4.1"]
[White "Kovalyov, Anton"]
[Black "Perelshteyn, Eugene"]
[Result "1-0"]
[WhiteElo "2617"]
[BlackElo "2499"]
[PlyCount "77"]
[GameId "2130307675220218"]
[EventDate "2014.01.22"]
[EventType "swiss"]
[EventRounds "9"]
[EventCountry "USA"]
[SourceTitle "The Week in Chess 1003"]
[Source "Mark Crowther"]
[SourceDate "2014.01.27"]
[SourceVersion "1"]
[SourceVersionDate "2014.01.27"]
[SourceQuality "2"]

1. Nf3 c5 2. c4 g6 3. d4 Bg7 4. e4 Qa5+ 5. Nc3 Nf6 6. Bd2 cxd4 7. Nxd4 Nc6 8. Nc2 O-O 9. Be2 d6 10. O-O Be6 11. Ne3 Rfc8 12. Ned5 Nd7 13. Re1 Qd8 14. Rc1 a5 15. Bg5 Nc5 16. b3 f6 17. Be3 Bf7 18. Nb5 Bf8 19. Bg4 e6 20. Bxc5 dxc5 21. Ndc7 Bh6 22. Rb1 Rab8 23. Nxe6 Qe7 24. Qd6 Bf8 25. Rbd1 Qxd6 26. Nxd6 Bxd6 27. Rxd6 Ne5 28. Bh3 g5 29. Bf5 Rc6 30. Rxc6 bxc6 31. Nxc5 Rd8 32. a4 Rd2 33. h4 h6 34. hxg5 hxg5 35. Re3 Bh5 36. Nb7 Nd3 37. Nxa5 c5 38. Nb7 Bd1 39. e5 1-0

[Event "Foxwoods op"]
[Site "Ledyard USA"]
[Date "2014.01.24"]
[Round "5.1"]
[White "Macieja, Bartlomiej"]
[Black "Kovalyov, Anton"]
[Result "0-1"]
[WhiteElo "2582"]
[BlackElo "2617"]
[PlyCount "86"]
[GameId "2130307675220230"]
[EventDate "2014.01.22"]
[EventType "swiss"]
[EventRounds "9"]
[EventCountry "USA"]
[SourceTitle "The Week in Chess 1003"]
[Source "Mark Crowther"]
[SourceDate "2014.01.27"]
[SourceVersion "1"]
[SourceVersionDate "2014.01.27"]
[SourceQuality "2"]

1. Nf3 Nf6 2. c4 e6 3. g3 d5 4. Bg2 dxc4 5. Qa4+ c6 6. Qxc4 b5 7. Qb3 Bb7 8. O-O Nbd7 9. d4 a6 10. Ne5 Nxe5 11. dxe5 Nd7 12. Bf4 Qc7 13. Nd2 c5 14. Ne4 Bxe4 15. Bxe4 Rc8 16. Rfd1 c4 17. Qc3 Be7 18. b3 O-O 19. bxc4 g5 20. Qd3 Nc5 21. Bxh7+ Kg7 22. Qf3 gxf4 23. Qg4+ Kxh7 24. Qh5+ Kg7 25. Qg4+ Kh6 26. Qh3+ Kg6 27. Qg4+ Bg5 28. gxf4 Qe7 29. cxb5 Kh6 30. Kh1 Bh4 31. Rd4 Bxf2 32. f5 Qg5 33. Qh3+ Qh5 34. Qxh5+ Kxh5 35. Rf4 Bh4 36. bxa6 Nxa6 37. Raf1 Rg8 38. fxe6 fxe6 39. Rf7 Rc7 40. R7f4 Rcg7 41. a4 Nc5 42. a5 Nd7 43. a6 Nxe5 0-1

[Event "Foxwoods op"]
[Site "Ledyard USA"]
[Date "2014.01.25"]
[Round "6.1"]
[White "Kovalyov, Anton"]
[Black "Shabalov, Alexander"]
[Result "1-0"]
[WhiteElo "2617"]
[BlackElo "2529"]
[PlyCount "75"]
[GameId "2130307675220242"]
[EventDate "2014.01.22"]
[EventType "swiss"]
[EventRounds "9"]
[EventCountry "USA"]
[SourceTitle "The Week in Chess 1003"]
[Source "Mark Crowther"]
[SourceDate "2014.01.27"]
[SourceVersion "1"]
[SourceVersionDate "2014.01.27"]
[SourceQuality "2"]

1. Nf3 Nf6 2. c4 e6 3. g3 c5 4. Bg2 Nc6 5. O-O d5 6. cxd5 exd5 7. d4 Be7 8. Nc3 O-O 9. dxc5 d4 10. Na4 Bf5 11. a3 Be4 12. b4 Qd5 13. Bf4 h6 14. Rc1 g5 15. Bd6 b5 16. Bxe7 Nxe7 17. Nb2 Nc6 18. Nd3 Rfe8 19. Qd2 Rad8 20. h4 Nh7 21. a4 a6 22. axb5 axb5 23. Ra1 Re6 24. Ra6 Qf5 25. Rb6 Bd5 26. Ra1 Rde8 27. Re1 Qg6 28. hxg5 hxg5 29. Rxb5 Bxf3 30. Bxf3 g4 31. Nf4 Qh6 32. Bxc6 Rxc6 33. Kg2 Ng5 34. Rh1 Qg7 35. Rb6 Rxb6 36. cxb6 Qf6 37. b7 Ne4 38. Qc2 1-0

[Event "Foxwoods op"]
[Site "Ledyard USA"]
[Date "2014.01.25"]
[Round "7.1"]
[White "Kovalyov, Anton"]
[Black "Kekelidze, Mikheil"]
[Result "1-0"]
[WhiteElo "2617"]
[BlackElo "2461"]
[PlyCount "99"]
[GameId "2130307675220255"]
[EventDate "2014.01.22"]
[EventType "swiss"]
[EventRounds "9"]
[EventCountry "USA"]
[SourceTitle "The Week in Chess 1003"]
[Source "Mark Crowther"]
[SourceDate "2014.01.27"]
[SourceVersion "1"]
[SourceVersionDate "2014.01.27"]
[SourceQuality "2"]

1. Nf3 c5 2. c4 g6 3. d4 Bg7 4. e4 Qb6 5. dxc5 Qxc5 6. Be2 d6 7. h3 Be6 8. Nfd2 Nd7 9. O-O Nb6 10. Na3 Nf6 11. Rb1 a5 12. b3 O-O 13. Bd3 Nbd7 14. Nf3 Qh5 15. Re1 Nc5 16. Bc2 Nfd7 17. Bf4 f6 18. Nb5 Rfc8 19. Nc3 Bf8 20. Nd5 Bf7 21. Qd2 g5 22. Bg3 e6 23. Ne3 Ne5 24. Nd4 Be7 25. a3 a4 26. b4 Nb3 27. Nxb3 axb3 28. Rxb3 Nxc4 29. Nxc4 Rxc4 30. Bd3 Rcc8 31. Rc3 Qh6 32. Rec1 Qf8 33. Bc4 Qd8 34. h4 h6 35. hxg5 hxg5 36. f4 b5 37. Ba2 Rxc3 38. Rxc3 Rc8 39. Rxc8 Qxc8 40. fxg5 Qb7 41. gxf6 Bxf6 42. Qf4 Bd4+ 43. Kh2 e5 44. Qg5+ Kh7 45. Qf5+ Bg6 46. Qh3+ Kg7 47. Bd5 Qe7 48. Bh4 Qe8 49. Bg5 Bh5 50. g4 1-0

[Event "Foxwoods op"]
[Site "Ledyard USA"]
[Date "2014.01.26"]
[Round "8.1"]
[White "Stripunsky, Alexander"]
[Black "Kovalyov, Anton"]
[Result "1/2-1/2"]
[WhiteElo "2549"]
[BlackElo "2617"]
[PlyCount "37"]
[GameId "2130307675220264"]
[EventDate "2014.01.22"]
[EventType "swiss"]
[EventRounds "9"]
[EventCountry "USA"]
[SourceTitle "The Week in Chess 1003"]
[Source "Mark Crowther"]
[SourceDate "2014.01.27"]
[SourceVersion "1"]
[SourceVersionDate "2014.01.27"]
[SourceQuality "2"]

1. e4 c5 2. Nf3 d6 3. c3 Nf6 4. Be2 g6 5. O-O Bg7 6. Bb5+ Bd7 7. Bxd7+ Qxd7 8. Qe2 Nc6 9. d4 cxd4 10. cxd4 d5 11. e5 Ne4 12. Nbd2 Nxd2 13. Bxd2 O-O 14. Rac1 Rfc8 15. Rc3 Nd8 16. Rfc1 Rxc3 17. Rxc3 a6 18. Bg5 f6 19. exf6 1/2-1/2

[Event "Foxwoods op"]
[Site "Ledyard USA"]
[Date "2014.01.26"]
[Round "9.1"]
[White "Kovalyov, Anton"]
[Black "Corrales Jimenez, Fidel"]
[Result "1-0"]
[WhiteElo "2617"]
[BlackElo "2568"]
[PlyCount "97"]
[GameId "2130307675224373"]
[EventDate "2014.01.22"]
[EventType "swiss"]
[EventRounds "9"]
[EventCountry "USA"]
[SourceTitle "The Week in Chess 1003"]
[Source "Mark Crowther"]
[SourceDate "2014.01.27"]
[SourceVersion "1"]
[SourceVersionDate "2014.01.27"]
[SourceQuality "2"]

1. Nf3 d5 2. d4 Nf6 3. c4 c6 4. e3 Bf5 5. Nc3 e6 6. Nh4 Bg6 7. Be2 Nbd7 8. O-O Bd6 9. g3 O-O 10. Nxg6 hxg6 11. Bd2 dxc4 12. Bxc4 e5 13. Qc2 exd4 14. exd4 Nb6 15. Bb3 Nfd5 16. Ne4 Bb4 17. Bg5 Be7 18. h4 Bxg5 19. hxg5 Re8 20. Rae1 Nc8 21. Nc5 Rxe1 22. Rxe1 Rb8 23. Qe4 Nd6 24. Qe5 b6 25. Nd3 Rc8 26. Rc1 Ne7 27. Qf4 Nd5 28. Bxd5 cxd5 29. Rxc8 Nxc8 30. Qb8 Qd7 31. Qa8 Kh7 32. Ne5 Qe6 33. Qb7 Kg8 34. b4 Nd6 35. Qa8+ Kh7 36. Qxa7 Qf5 37. Qd7 Qb1+ 38. Kh2 Qxb4 39. Kg2 Nc4 40. Qxd5 Nd2 41. Qxf7 Qb1 42. a4 Qe4+ 43. Kg1 Qe1+ 44. Kh2 Qe4 45. Qf4 Qe1 46. Nd7 Ne4 47. Kg2 Nc3 48. Qf7 Qe4+ 49. Kh2 1-0

[Event "Bay Area int."]
[Site "Santa Clara USA"]
[Date "2014.01.03"]
[Round "3"]
[White "Kovalyov, Anton"]
[Black "Ruiz Castillo, Joshua Daniel"]
[Result "1-0"]
[WhiteElo "2617"]
[BlackElo "2374"]
[PlyCount "99"]
[GameId "2130307675673827"]
[EventDate "2014.01.02"]
[EventType "swiss"]
[EventRounds "9"]
[EventCountry "USA"]
[SourceTitle "CBM 158 Extra"]
[Source "ChessBase"]
[SourceDate "2014.02.28"]
[SourceVersion "1"]
[SourceVersionDate "2014.02.28"]
[SourceQuality "1"]

1. Nf3 c5 2. c4 Nc6 3. Nc3 g6 4. e3 Nf6 5. d4 cxd4 6. exd4 d5 7. cxd5 Nxd5 8. Bc4 Nxc3 9. Qb3 Nd5 10. Bxd5 e6 11. Bxc6+ bxc6 12. O-O Qd5 13. Bg5 Qxb3 14. axb3 Bg7 15. Rfc1 f6 16. Bf4 g5 17. Bg3 g4 18. Ne1 Bb7 19. Nd3 Bf8 20. b4 a6 21. Rc4 Kf7 22. Ra3 Be7 23. Nc5 Bc8 24. f3 Rg8 25. Kf2 Ra7 26. Ne4 Rd7 27. Ke3 gxf3 28. gxf3 Bb7 29. Nc5 Bxc5 30. bxc5 Kg6 31. Bd6 Bc8 32. Rb4 Rb7 33. Rb6 Rxb6 34. cxb6 Rd8 35. Bc5 Rd5 36. b4 Rg5 37. Ra2 Kf5 38. h4 Rg1 39. h5 Re1+ 40. Kd3 Rg1 41. Bd6 Rd1+ 42. Ke3 e5 43. dxe5 fxe5 44. Bc5 Re1+ 45. Kf2 Rd1 46. Ke2 Rd5 47. Ke3 Bb7 48. h6 Kg6 49. Rg2+ Kxh6 50. Bf8+ 1-0

[Event "Bay Area int."]
[Site "Santa Clara USA"]
[Date "2014.01.04"]
[Round "4.2"]
[White "Wang Chen"]
[Black "Kovalyov, Anton"]
[Result "1/2-1/2"]
[WhiteElo "2507"]
[BlackElo "2617"]
[PlyCount "33"]
[GameId "2130307675673863"]
[EventDate "2014.01.02"]
[EventType "swiss"]
[EventRounds "9"]
[EventCountry "USA"]
[SourceTitle "The Week in Chess 1000"]
[Source "Mark Crowther"]
[SourceDate "2014.01.06"]
[SourceVersion "1"]
[SourceVersionDate "2014.01.06"]
[SourceQuality "2"]

1. e4 c5 2. Nc3 a6 3. g3 b5 4. Bg2 Bb7 5. d3 e6 6. f4 d5 7. Qe2 d4 8. Nd1 Nc6 9. Nf3 Nf6 10. Nf2 Be7 11. O-O Qb6 12. g4 O-O-O 13. Bd2 Nd7 14. a4 b4 15. b3 Rdg8 16. Nh1 e5 17. Ng3 1/2-1/2

[Event "Bay Area int."]
[Site "Santa Clara USA"]
[Date "2014.01.05"]
[Round "5"]
[White "Kovalyov, Anton"]
[Black "Mikhalevski, Victor"]
[Result "1-0"]
[WhiteElo "2617"]
[BlackElo "2536"]
[PlyCount "145"]
[GameId "2130307675673893"]
[EventDate "2014.01.02"]
[EventType "swiss"]
[EventRounds "9"]
[EventCountry "USA"]
[SourceTitle "CBM 158 Extra"]
[Source "ChessBase"]
[SourceDate "2014.02.28"]
[SourceVersion "1"]
[SourceVersionDate "2014.02.28"]
[SourceQuality "1"]

1. Nf3 Nf6 2. c4 g6 3. Nc3 d5 4. cxd5 Nxd5 5. Qb3 Nb6 6. d4 Bg7 7. Bf4 Be6 8. Qa3 O-O 9. e3 N8d7 10. Rc1 c6 11. Be2 Nd5 12. Bg5 N7f6 13. O-O Qd6 14. Qa4 Qb4 15. Qc2 Qa5 16. e4 Nxc3 17. bxc3 h6 18. Bh4 Qxa2 19. Qd3 Nh5 20. g3 Bh3 21. Rfe1 Qe6 22. Nd2 Nf6 23. f4 Rad8 24. Bf3 Qd7 25. Qe2 Nh7 26. g4 g5 27. fxg5 Nxg5 28. Bxg5 hxg5 29. Nc4 c5 30. d5 b5 31. Nb2 Be5 32. Nd3 Qd6 33. Nxe5 Qxe5 34. Qf2 e6 35. Rcd1 Kg7 36. Qxc5 Rh8 37. Qd4 Qxd4+ 38. Rxd4 exd5 39. exd5 Rd6 40. Re5 Kf6 41. Rf5+ Kg6 42. Be2 Rh4 43. Rf2 f5 44. Bxb5 Rxg4+ 45. Rxg4 Bxg4 46. c4 a6 47. Bc6 Kf6 48. c5 Rd8 49. d6 f4 50. Rd2 Rc8 51. d7 Bxd7 52. Bxd7 Rxc5 53. Kf2 Rc3 54. Ra2 a5 55. Bg4 a4 56. Rxa4 Rc2+ 57. Be2 Rb2 58. h3 Kf5 59. Ra5+ Kf6 60. Ra3 Rb1 61. Bg4 Rb5 62. Ra6+ Kg7 63. Kf3 Re5 64. Bd7 Rd5 65. Be6 Rd3+ 66. Kg4 Rg3+ 67. Kf5 Rxh3 68. Ra7+ Kf8 69. Bf7 g4 70. Kf6 Rh6+ 71. Bg6 Rxg6+ 72. Kxg6 f3 73. Ra4 1-0

[Event "Bay Area int."]
[Site "Santa Clara USA"]
[Date "2014.01.05"]
[Round "6.2"]
[White "Molner, Mackenzie"]
[Black "Kovalyov, Anton"]
[Result "0-1"]
[WhiteElo "2525"]
[BlackElo "2617"]
[PlyCount "114"]
[GameId "2130307675678021"]
[EventDate "2014.01.02"]
[EventType "swiss"]
[EventRounds "9"]
[EventCountry "USA"]
[SourceTitle "The Week in Chess 1001"]
[Source "Mark Crowther"]
[SourceDate "2014.01.14"]
[SourceVersion "1"]
[SourceVersionDate "2014.01.14"]
[SourceQuality "2"]

1. e4 c5 2. Nf3 e6 3. d4 cxd4 4. Nxd4 Nc6 5. Nc3 a6 6. Be3 Nf6 7. Qd2 e5 8. Nf5 d5 9. exd5 Nb4 10. Ng3 Nfxd5 11. Bg5 f6 12. Nxd5 Qxd5 13. Qxd5 Nxd5 14. O-O-O Be6 15. Bc4 O-O-O 16. Bd2 Rd7 17. Ne4 Kc7 18. Bb3 Be7 19. Rhe1 h5 20. a3 Kc6 21. Bb4 Bxb4 22. axb4 Rdd8 23. Nc5 Bc8 24. c3 Nf4 25. Bc2 Kc7 26. Rxd8 Rxd8 27. g3 Nh3 28. f3 h4 29. Rd1 Rh8 30. Rf1 b6 31. Ne4 Bb7 32. Kd1 Rd8+ 33. Ke1 Bc6 34. Nf2 Bb5 35. Nxh3 Bxf1 36. Kxf1 Rd2 37. Bf5 Rxb2 38. Nf2 a5 39. bxa5 bxa5 40. Nd3 Rxh2 41. gxh4 Kd6 42. Bg6 a4 43. Bf7 a3 44. Nb4 f5 45. Bb3 e4 46. fxe4 fxe4 47. Ke1 Ke5 48. h5 Kf4 49. Bf7 Ke3 50. Kd1 Rb2 51. Bd5 Kf2 52. Bc4 Kf3 53. Bd5 Rh2 54. Bf7 e3 55. Bd5+ Kf2 56. Bc4 Rh1+ 57. Kc2 e2 0-1

[Event "Bay Area int."]
[Site "Santa Clara USA"]
[Date "2014.01.07"]
[Round "8"]
[White "Macieja, Bartlomiej"]
[Black "Kovalyov, Anton"]
[Result "1/2-1/2"]
[WhiteElo "2583"]
[BlackElo "2617"]
[PlyCount "137"]
[GameId "2130307675678078"]
[EventDate "2014.01.02"]
[EventType "swiss"]
[EventRounds "9"]
[EventCountry "USA"]
[SourceTitle "CBM 158 Extra"]
[Source "ChessBase"]
[SourceDate "2014.02.28"]
[SourceVersion "1"]
[SourceVersionDate "2014.02.28"]
[SourceQuality "1"]

1. Nf3 Nf6 2. c4 e6 3. g3 d5 4. Bg2 Be7 5. O-O O-O 6. d4 c6 7. Qc2 b6 8. Rd1 Nbd7 9. b3 Ba6 10. Nbd2 Rc8 11. e4 c5 12. exd5 exd5 13. Nf1 Re8 14. Ne3 Bb7 15. Bb2 Bf8 16. Ne5 Rc7 17. Nxd5 Nxd5 18. cxd5 Qa8 19. Nxd7 Rxd7 20. dxc5 Bxc5 21. Qf5 Qd8 22. Be4 g6 23. Qf3 f5 24. Bc2 Bd6 25. b4 a6 26. Bb3 h5 27. a3 Kh7 28. Re1 Rde7 29. Bc3 a5 30. Rxe7+ Qxe7 31. bxa5 bxa5 32. a4 Ba6 33. Qd1 f4 34. Qd4 fxg3 35. hxg3 Bc5 36. Qd2 Qa7 37. Bb2 Re2 38. Qc3 Bxf2+ 39. Kh1 Rxb2 40. Qxb2 Bd4 41. Qa2 Bxa1 42. Qxa1 Qe3 43. Qf6 Bd3 44. Qf7+ Kh6 45. Qf4+ Qxf4 46. gxf4 Bf5 47. d6 Kg7 48. Kh2 Kf6 49. Kg3 g5 50. fxg5+ Kxg5 51. Bc4 Bg4 52. Bb5 h4+ 53. Kf2 Kf6 54. Ke3 Ke6 55. Kf4 Bd1 56. d7 Ke7 57. Bc6 Kd8 58. Bb5 Kc7 59. Bc6 Be2 60. Kg5 h3 61. Kh4 h2 62. Kg3 h1=B 63. Bxh1 Kxd7 64. Kf2 Bd1 65. Ke3 Bxa4 66. Kd4 Bc6 67. Kc5 Bg2 68. Kb5 a4 69. Kxa4 1/2-1/2

[Event "Bay Area int."]
[Site "Santa Clara USA"]
[Date "2014.01.08"]
[Round "9.1"]
[White "Kovalyov, Anton"]
[Black "Margvelashvili, Giorgi"]
[Result "1/2-1/2"]
[WhiteElo "2617"]
[BlackElo "2555"]
[PlyCount "138"]
[GameId "2130307675682203"]
[EventDate "2014.01.02"]
[EventType "swiss"]
[EventRounds "9"]
[EventCountry "USA"]
[SourceTitle "The Week in Chess 1001"]
[Source "Mark Crowther"]
[SourceDate "2014.01.14"]
[SourceVersion "1"]
[SourceVersionDate "2014.01.14"]
[SourceQuality "2"]

1. c4 Nf6 2. Nf3 g6 3. Nc3 Bg7 4. e4 d6 5. d4 O-O 6. Be2 e5 7. Be3 c6 8. O-O exd4 9. Bxd4 Re8 10. Qc2 Nbd7 11. Rfe1 b6 12. Be3 Qe7 13. Bf4 Ne5 14. Nd2 Nfd7 15. Bg3 Nc5 16. Rad1 Ne6 17. Nf1 h5 18. f3 h4 19. Bf2 Nf4 20. Qd2 Qf6 21. Be3 Bh6 22. Bxf4 Bxf4 23. Qd4 Nd7 24. Qf2 Be5 25. Ne3 Nc5 26. Rd2 a5 27. Bd1 Bd7 28. Na4 Rab8 29. g3 hxg3 30. hxg3 Kg7 31. Ng2 Ne6 32. f4 Bd4 33. Ne3 Nxf4 34. Qxf4 Qxf4 35. gxf4 Rxe4 36. Kf2 Rxf4+ 37. Kg3 Be5 38. Kg2 b5 39. cxb5 Rxb5 40. Nf1 Bd4 41. Kg3 Be5 42. Rxe5 dxe5 43. Rxd7 Rxf1 44. Be2 Rg1+ 45. Kf2 Rc1 46. Bxb5 cxb5 47. Nc3 Rc2+ 48. Ke3 Rxb2 49. Ne4 Rxa2 50. Ng5 Kf6 51. Ne4+ Kg7 52. Ng5 Rg2 53. Nxf7 Kf6 54. Rb7 Rb2 55. Nd8 a4 56. Rf7+ Kg5 57. Rf1 a3 58. Nf7+ Kh5 59. Rh1+ Kg4 60. Nxe5+ Kf5 61. Nd3 Rb3 62. Rf1+ Kg5 63. Rg1+ Kh6 64. Kd4 g5 65. Nc5 Rh3 66. Nd3 Rh4+ 67. Kc5 Ra4 68. Kxb5 Ra8 69. Kb4 g4 1/2-1/2